| 000 | 01171nam a2200229Ia 4500 | ||
|---|---|---|---|
| 001 | L371-24666 | ||
| 003 | IT-CnALBA | ||
| 008 | 170116s9999||||xx |||||||||||||| ||und|| | ||
| 040 |
_aIT-CnALBA _cIT-CnALBA |
||
| 041 | _aITALIANO | ||
| 100 | _aRIVA DON SILVIO | ||
| 245 | 0 | _aLA DEVOZIONE A MARIA E LA FORMAZIONE AL SACERDOZIO. | |
| 250 | _a1a ed. | ||
| 260 |
_aGROTTAFERRATA (RM) _bGIOVINEZZA _c1965 [1° Ed.:1965 - Ed.Ling.Originale: 1965] |
||
| 300 | _a22 p. | ||
| 500 | _aPEDAGOGIA SEMINARISTICA. CULTURA MARIANA BIBLICA. CRISTOCENTRISMO NELLA PIETÀ MARIANA. EVANGELICITA'. GUIDA ALLA IMITAZIONE DI CRISTO. MARIA EVANGELO EUCARESTIA CHIESA. FORMAZIONE UMANA SACERDOTALE MORALE SOPRANNATURALE CONCLUSIONE. | ||
| 501 | _aSocietà San Paolo EM - Piazza San Paolo, 14 - 12051 ALBA (CN) (non commercial uses only) ® Copyright 2017 | ||
| 520 | _aPEDAGOGIA SEMINARISTICA. CULTURA MARIANA BIBLICA. CRISTOCENTRISMO NELLA PIETÀ MARIANA. EVANGELICITA'. GUIDA ALLA IMITAZIONE DI CRISTO. MARIA EVANGELO EUCARESTIA CHIESA. FORMAZIONE UMANA SACERDOTALE MORALE SOPRANNATURALE CONCLUSIONE. | ||
| 650 | _aISTRUZIONE - EDUCAZIONE | ||
| 942 | _cBK | ||
| 957 | _71 | ||
| 999 |
_a29443 _bNO _g Copie: 1 _c283780 _d283780 |
||